000 01914cam a2200481 a 4500
001 10046
003 FISKH
005 20260401154150.0
008 050728s2005 nyu c 000 1 eng d
010 _a 2005299400
020 _a0786856297
020 _a9780786856299
020 _a9780141346809
040 _aN$V
_cN$V
_dVP@
_dBAKER
_dEHH
_dDLC
_beng
050 0 0 _aPZ7.R4829
_bLi 2005
082 _a813.6
100 1 _aRiordan, Rick.
245 1 4 _aThe lightning thief /
_cRick Riordan.
260 _aNew York :
_bPuffin Books,
_c2005.
300 _a374 pages ;
_b20 cm
490 1 _aPercy Jackson & the Olympians ;
_vbk. 1
505 _aR
520 _aAfter learning that he is the son of a mortal woman and Poseidon, god of the sea, twelve-year-old Percy is sent to a summer camp for demigods like himself, and joins his new friends on a quest to prevent a war between the gods.
521 8 _a680
_bLexile
521 8 _aR
_bRaz-Plus
600 0 1 _aPoseidon
_c(Greek deity)
_vFiction.
600 0 1 _aHades
_c(Greek deity)
_vFiction.
600 0 1 _aZeus
_c(Greek deity)
_vFiction.
650 0 _aMythology, Greek
_vJuvenile fiction.
650 1 _aGreek mythology
_vFiction.
650 1 _aCamps
_vFiction.
650 1 _aFriendship
_vFiction.
650 1 _aFathers and sons
_vFiction.
655 7 _aFantasy fiction.
_2gsafd
655 7 _aFiction.
_2lcgft
_0https://id.loc.gov/authorities/genreForms/gf2014026339
655 7 _aFiction.
_2lcgft
_0https://id.loc.gov/authorities/genreForms/gf2014026339
800 1 _aRiordan, Rick.
_tPercy Jackson & the Olympians ;
_vbk. 1.
856 4 2 _3Publisher description
_uhttp://www.loc.gov/catdir/enhancements/fy0912/2005299400-d.html
856 4 2 _3Contributor biographical information
_uhttp://www.loc.gov/catdir/enhancements/fy1309/2005299400-b.html
906 _a7
_bcbc
_ccopycat
_d2
_encip
_f20
_gy-gencatlg
942 _2ddc
_cBK
_n0
999 _c10046
_d10046